Wiedza ogólna - geografia #9 - Statystyki

Ogólne statystyki
  • Ten quiz został rozwiązany 29 razy
  • Średni wynik to 2 z 5
Statystyki odpowiedzi
Opis Odpowiedź % Poprawnych
Najdłuzsza rzeka znajdująca się w Europie Wołga
86%
Najmniejsze państwo na bliskim wschodzie Bahrajn
59%
Stolica Kalifornii Sacramento
41%
obszar lądu zajmujący ok. 20% powierzchnii wszystkich lądów na Ziemii Afryka
23%
Największe terytorium / prowincja w Kanadzie Nunavut
14%
Nie znaleziono quizów pasujących do podanych kryteriów
Rozkład punktacji
Procent ludzi z każdym wynikiem
Percentyl według liczby udzielonych odpowiedzi
Twoja historia wyników
Nie rozwiązałeś tego quizu